00417 2200157 4500001002300000005001700023006001900040008004100059035002600100084001500126100001800141245001900159260003500178990002300213990002300236NBPULOT00000000000421720140522105235.0a ||| | 171130| ||| |  a 0010-051400000000773 a 813 Eri L0 a Andi Eriawan00a Love For Show a JAKARTA b gagasmedia c 2007 a 17022/APBDII/2013 a 17021/APBDII/2013